| 000 | 01148cam a2200241 4500 | ||
|---|---|---|---|
| 008 | 020927n2003 000 0 eng u | ||
| 020 | _a1405106360 | ||
| 035 | _a(Sirsi) u119895 | ||
| 041 | _aeng | ||
| 050 |
_a692.8 _c21 |
||
| 100 | _aDavison, Peter R. | ||
| 245 | _aEvaluating contract claims | ||
| 260 |
_aOxford _bBlackwell _c2003 |
||
| 300 |
_ax, 258p. _c26cm. |
||
| 350 | _a49.50 | ||
| 520 | _aThis book looks at the quantification of claims after liability has been established and covers both building and engineering contracts. Considers: how to establish the base for evaluating extra payments; the effect of changes on the programme of work; sources of information for evaluating additional payments; evaluating the consequences of change such as the impact on unit rates, disruption etc.; other sources of claims; and how to minimise the impact of claims. Table of cases. | ||
| 650 | _aCONTRACT CLAIMS | ||
| 650 | _aBUILT ENVIRONMENT-BUILDING CONTRACT FORMS | ||
| 650 | _aBUILT ENVIRONMENT-BUILDING CONTRACT FORMS | ||
| 650 | _aENGINEERING CONTRACTS | ||
| 690 | _aBUILT ENVIRONMENT-BUILDING CONTRACT FORMS | ||
| 942 | _n0 | ||
| 999 |
_c102436 _d102436 |
||